WW2 hard questions for brainiacs - Statistics

General Stats
  • This quiz has been taken 2,863 times
  • The average score is 26 of 49
Answer Stats
Hint Answer % Correct
German Fuhrer Adolf Hitler
98%
British PM Winston Churchill
97%
Soviet Premier Joseph Stalin
96%
American President Franklin Roosevelt
95%
Italian Duce Benito Mussolini
93%
Where was the second atomic bomb dropped? Nagasaki
93%
Where was the first atomic bomb dropped? Hiroshima
92%
Japanese Emperor Hirohito
86%
American President (1945-53) Harry Truman
81%
The largest concentration camp was called? Auschwitz
80%
Name of first atomic bomb Little Boy
76%
The German airforce was called? Luftwaffe
76%
The name for the German invasion of the USSR Operation Barbarossa
74%
This German field marshal was called the desert fox Erwin Rommel
73%
British PM (till 1940) Neville Chamberlain
73%
Name of second atomic bomb Fat Man
71%
What was the line of French defenses called? Maginot line
65%
What Nazi leader was in charge of the SS? Heinrich Himmler
61%
Name one of the iconic British planes of the war SuperMarine Spitfire
61%
And that was a date that will live in...? Infamy
60%
This American general was called old blood and guts George Patton
58%
What does Blitzkrieg mean in English? Lightning War
52%
Japanese PM Hideki Tojo
51%
What German word in English means armour Panzer
51%
How many Jews were killed in the war? 6 million
48%
At what place in the USSR was the site of the largest tank battle? Kursk
48%
Which Chinese city was "raped" by Japanese soldiers? Nanking
47%
Which famous British General stopped Rommel for good? Bernard Montgomery
46%
The dictator of Spain was called? Francisco Franco
46%
Which famous US General said "I will return" Douglas MacArthur
43%
Name the leader of the Chinese Communist Party Mao ZeDong
43%
The German navy was called? Kriegsmarine
41%
The German army was called? Wehrmacht
40%
On what date did WW2 start in Europe? 1st September 1939
36%
Now name the other Hawker Hurricane
36%
Where was the decisive battle in North Africa in Egypt? El Alamein
35%
On what date did the Japanese attack Pearl Harbour? 7th of December 1941
30%
The capital Japanese ship was called? Yamato
29%
Which prominent Nazi flew to Scotland in 1940? Rudolph Hess
28%
The Premier of Vichy France was called? Phillipe Petain
26%
Name the leader of the Chinese Nationalist Party Chiang Kai-Shek
24%
What was the sister ship to the Bismark called? Tirpitz
24%
What were the German divisions in North Africa called? The Afrika Korps
23%
And the German equivalent? Siegfried line
20%
How many Russians were killed in the war? 25 million
15%
What was the code name for the invasion of Italy,1943? Operation Husky
13%
Stalin issued a policy of what on the USSR? Scorched Earth
11%
Stalin eliminated all opposition in his great...what? Purges
8%
Roosevelt called America the what? The arsenal of democracy
2%
No matching quizzes found
Score Distribution
Percent of People with Each Score
Percentile by Number Answered
Your Score History
You have not taken this quiz